76 große römische Kaiser - Statistiken

Allgemein
  • Dieses Quiz wurde 63 mal gespielt
  • Das Durchschnittsergebnis liegt bei 16 aus 76
Antwortstatistiken
Regierungs-
-zeit & -dauer
röm. Kaiser % Korrekt
31 v. Chr. - 14 n. Chr. (45 Jahre) Augustus
93%
54 - 68 n. Chr. (14 Jahre) Nero
87%
60 - 49 v. Chr. (11 Jahre) Julius Caesar
85%
161 - 180 (19 Jahre) Mark Aurel
50%
43 - 32 v. Chr. (11 Jahre) Antonius
46%
37 - 41 n. Chr. (4 Jahre) Caligula
46%
306 - 337 (31 Jahre) Konstantin der Große
46%
117 - 138 (21 Jahre) Hadrian
43%
474 - 480 (6 Jahre) Julius Nepos
41%
14 - 37 n. Chr. (23 Jahre) Tiberius
41%
41 - 54 n. Chr. (13 Jahre) Claudius
37%
268 - 270 (2 Jahre) Claudius Gothicus
35%
475 - 476 (1 Jahr) Romulus Augustus
35%
98 - 117 (19 Jahre) Trajan
35%
79 - 81 (2 Jahre) Titus
33%
222 - 235 (13 Jahre) Severus Alexander
31%
69 - 79 n. Chr. (10 Jahre) Vespasian
31%
43 - 32 v. Chr. (11 Jahre) Octavian
28%
138 - 161 (23 Jahre) Antonius Pius
26%
360 - 363 (3 Jahre) Julian
24%
161 - 180 (19 Jahre) Lucius Verus
24%
81 - 96 (15 Jahre) Domitian
22%
457 - 474 (17 Jahrw) Leo I.
22%
474 (10 Monate) Leo II.
22%
235 - 238 (3 Jahre) Maximinus Thrax
22%
180 - 192 (12 Jahre) Commodus
20%
60 - 49 v. Chr. (11 Jahre) Crassus
20%
311 - 313 (2 Jahre) Maximinus Daia
20%
60 - 49 v. Chr. (11 Jahre) Pompeius
20%
193 - 211 (18 Jahre) Septimus Severus
20%
211 - 217 (6 Jahre) Caracalla
19%
244 - 249 (5 Jahre) Philippus Arabs
19%
306 - 307 (1 Jahr) Severus
19%
284 - 305 (21 Jahre) Diokletian
17%
270 (17 Tage) Quintillus
17%
275 - 276 (1 Jahr) Tacitus
17%
518 - 527 (9 Jahre) Justin I.
15%
527 - 565 (38 Jahre) Justinian I.
15%
565 - 578 (13 Jahre) Justin II.
15%
379 - 395 (16 Jahre) Theodosius I.
15%
408 - 450 (42 Jahre) Theodosius II.
15%
253 - 268 (15 Jahre) Gallienus
13%
238 (ca. 3 Monate) Balbinus
11%
305 - 306 (1 Jahr) Constantius I.
11%
238 - 244 (6 Jahre) Gordian III.
11%
43 - 32 v. Chr. (11 Jahre) Lepidus
11%
276 - 282 (6 Jahre) Probus
11%
389 - 392 (3 Jahre) Valentin II.
11%
253 - 260 (7 Jahre) Valerian
11%
253 (ein paar Wochen) Aemilianus
9%
283 - 285 (2 Jahre) Carinus
9%
282 - 283 (1 Jahr) Carus
9%
395 - 423 (28 Jahre) Honorius
9%
238 (ca. 5 Monate) Pupienus
9%
395 - 408 (13 Jahre) Arcadius
7%
270 - 275 (5 Jahre) Aurelian
7%
249 - 251 (2 Jahre) Decius
7%
276 (88 Tage) Florianus
7%
305 - 311 (6 Jahre) Galerius
7%
375 - 383 (8 Jahre) Gratian
7%
610 - 641 (31 Jahre) Herakleios
7%
457 - 461 (4 Jahre) Majorian
7%
286 - 305 (19 Jahre) Maximian
7%
251 - 253 (2 Jahre) Trebonianus Gallus
7%
364 - 378 (14 Jahre) Valens
7%
467 - 472 (5 Jahre) Anthemius
6%
337 - 361(24 Jahre) Constantius II.
6%
308 - 324 (16 Jahre) Licinius
6%
364 - 375 (11 Jahre) Valentinian I.
6%
425 - 455 (30 Jahre) Valentinian III.
6%
450 - 457 (7 Jahre) Markian
4%
474 - 491 (17 Jahre) Zeno
4%
491 - 518 (27 Jahre) Anastasios I.
2%
582 - 602 (20 Jahre) Maurikios
2%
602 - 610 (8 Jahre) Phokas
2%
578 - 582 (4 Jahre) Tiberios I.
2%
Keine übereinstimmenden Quizze gefunden
Verteilung der Resultate
Anzahl Personen mit jedem Resultat
Perzentil nach korrekt beantworteten Fragen
Ihre Resultats-Entwicklung
Sie haben dieses Quiz noch nicht gespielt